000 01366nam a2200409 i 4500
001 11986
003 KOSZ 005
005 20230220090154.0
008 071115s1969 pl a f 000 0 pol
015 _aPB 1969/9735
040 _aWA N
_cWA N
_dKOSZ 005/KK
_dKOSZ 005/HR
041 1 _apol
_hmul
046 _k1969
080 _a14
080 _a329
100 1 _aPanasiuk, Ryszard
_d(1931- ).
_eAutor
245 1 0 _aLewica heglowska /
_cRyszard Panasiuk ;
260 _aWarszawa :
_b"Wiedza Powszechna",
_c1969.
300 _a229, [3] s. :
_bil. ;
_c18 cm.
336 _2rdacontent
_aTekst
_btxt
337 _2rdamedia
_aBez urządzenia pośredniczącego
_bn
338 _2rdacarrier
_aWolumin
_bnc
380 _aKsiążki
388 _a1901-
490 1 _aMyśli i Ludzie.
500 _aM. in. wybór tekstów różnych aut., tł. A. Landmann.
504 _aBibliogr. s.107-108
650 4 _aLewica (politologia)
650 4 _aHeglizm
658 _aFilozofia i etyka
658 _aPolityka, politologia, administracja publiczna
700 1 _aLandmann, Armin.
_eTłumaczenie
710 2 _aPaństwowe Wydawnictwo Wiedza Powszechna
_4pbl.
830 0 _aMyśli i Ludzie
856 _uhttp://koha.tu.koszalin.pl/cgi-bin/koha/opac-detail.pl?biblionumber=11986
_yKatalog online BPK
942 _2UKD
_cKS
999 _c11986
_d11986